| 000 | 00368nam a2200145Ia 4500 | ||
|---|---|---|---|
| 008 | 240624s9999 xx 000 0 und d | ||
| 041 | _aeng | ||
| 082 | _a658.3 KIR | ||
| 100 | _aKIRTON GILL | ||
| 245 | _aDYNAMICS OF MANAGING DIVERSITY A CRITICA | ||
| 250 | _a(2nd ed.) | ||
| 260 |
_c2005 _aOxford _bElsevier |
||
| 300 | _avii, : 308 : p. : cm. ; 24 | ||
| 365 |
_c _b30 |
||
| 999 |
_c16327 _d16327 |
||